El "Poema de Almería" y la épica románica / (Record n. 13375)

Dettagli MARC
000 -LEADER
fixed length control field 00955nam a2200253 i 4500
003 - CONTROL NUMBER IDENTIFIER
control field IT-RoINE
005 - DATE AND TIME OF LATEST TRANSACTION
control field 20181214105230.0
008 - FIXED-LENGTH DATA ELEMENTS--GENERAL INFORMATION
fixed length control field 930725s1975 sp |r 1 spa d
040 ## - CATALOGING SOURCE
Original cataloging agency SpMaBN
Language of cataloging spa
Transcribing agency IT-RoINE
Modifying agency IT-RoINE
100 1# - MAIN ENTRY--PERSONAL NAME
Personal name Martínez, H. Salvador,
9 (RLIN) 14278
Dates associated with a name 1936-
245 14 - TITLE STATEMENT
Title El "Poema de Almería" y la épica románica /
Statement of responsibility, etc H. Salvador Martínez.
260 ## - PUBLICATION, DISTRIBUTION, ETC. (IMPRINT)
Place of publication, distribution, etc Madrid :
Name of publisher, distributor, etc Gredos,
Date of publication, distribution, etc [1975]
300 ## - PHYSICAL DESCRIPTION
Extent 478 p. ;
Dimensions 21 cm.
336 ## - CONTENT TYPE
Source rdacontent
Content type term text
337 ## - MEDIA TYPE
Source rdamedia
Media type term unmediated
338 ## - CARRIER TYPE
Source rdacarrier
Carrier type term volume
490 1# - SERIES STATEMENT
Series statement Biblioteca románica hispánica.
-- II, Estudios y ensayos ;
Volume number/sequential designation 219
500 ## - GENERAL NOTE
General note Incluye índice.
504 ## - BIBLIOGRAPHY, ETC. NOTE
Bibliography, etc Incluye bibliografía.
630 04 - SUBJECT ADDED ENTRY--UNIFORM TITLE
9 (RLIN) 27157
Uniform title Poema de Almería
General subdivision Crítica, interpretación, etc.
650 04 - SUBJECT ADDED ENTRY--TOPICAL TERM
Topical term or geographic name as entry element Poesía épica española
Chronological subdivision Anterior a 1500
General subdivision Historia y crítica
9 (RLIN) 27158
830 #0 - SERIES ADDED ENTRY--UNIFORM TITLE
9 (RLIN) 12052
Uniform title Biblioteca románica hispánica.
Number of part/section of a work II,
Name of part/section of a work Estudios y ensayos ;
Volume number/sequential designation 219
942 ## - ADDED ENTRY ELEMENTS (KOHA)
Item type Monografías
Dati di copia
Withdrawn status Lost status Damaged status Not for loan Home library Current library Date acquired Total Checkouts Full call number Barcode Date last seen Price effective from Koha item type
        Iglesia Nacional Española en Roma Iglesia Nacional Española en Roma 24/10/2016   COL.A 42.219 29760 24/10/2016 24/10/2016 Monografías